| 000 | 00873nac a2200253 a 4500 | ||
|---|---|---|---|
| 003 | Co-PeBPM | ||
| 005 | 20250428163508.0 | ||
| 008 | 250428b |||||||| |||| 00| 0 spa d | ||
| 020 | _a9789583352300 | ||
| 040 |
_aCo-PeBPM _bspa _cCo-PeBPM _eRDA |
||
| 041 | 0 | _aspa | |
| 082 | 0 | 4 | _a158.1 G516s |
| 100 |
_aGiraldo Alzate, Jorge Rafael. _eAutor |
||
| 245 | 1 | 0 |
_aSi quieres que Colombia cambie, cambia tú primero _b: pedagogía para la construcción de una cultura de convivencia pacífica _cJorge Giraldo Alzate. |
| 260 |
_aBogotá _b: [editor no identificado] _c, 2003. |
||
| 300 |
_a207 páginas _c; 21 cm. |
||
| 504 | _aIncluye referencias bibliográficas. | ||
| 650 | 1 | 4 |
_2LEMB _aPsicología aplicada. |
| 650 | 1 | 4 |
_2LEMB _aCambio social. |
| 650 | 1 | 4 |
_2LEMB _aPsicología social. |
| 650 | 1 | 4 |
_2LEMB _aTolerancia. |
| 650 | 1 | 4 |
_2LEMB _aConvivencia. |
| 942 |
_2ddc _cBK _n0 |
||
| 999 |
_c60754 _d60754 |
||